Textbook of orthopeadics

Guardat en:
Dades bibliogràfiques
Autor principal: SHETH, Binoti Ansari, Muqtadeer Patil, Atul Kantilal
Format: Llibre
Idioma:anglès
Publicat: CBS Publishers 2018
Etiquetes: Afegir etiqueta
Sense etiquetes, Sigues el primer a etiquetar aquest registre!

MARC

LEADER 00000nam a22000007a 4500
008 210924b ||||| |||| 00| 0 eng d
020 |a 9789386478153 
100 |a SHETH, Binoti  |a Ansari, Muqtadeer  |a Patil, Atul Kantilal 
245 |a Textbook of orthopeadics  |c Binoti Sheth, Muqtadeer Ansari, Atul Kantilal Patil  |g xii, 332p;ill 
260 |b CBS Publishers  |c 2018  |h New Delhi  |i 697046  |i 697047  |l RD731.Sh3  |m Orthopedics  |m Wounds and injuries 
500 |a it includes index 
942 |a lcc  |c BK  |e Johnson  |f 24/09/21 
952 |0 0  |1 0  |2 lcc  |4 0  |6 RD0731 S H3  |7 0  |9 3620  |a HE  |b HOL  |c QZ  |d 2021-09-24  |l 0  |o RD731.Sh3  |p 2021-67356  |r 2021-09-24 00:00:00  |w 2021-09-24  |y BK 
952 |0 0  |1 0  |2 lcc  |4 0  |6 RD0731 S H3  |7 0  |9 3621  |a HOL  |b HOL  |c QZ  |d 2021-09-24  |l 0  |o RD731.Sh3  |p 2021-67357  |r 2021-09-24 00:00:00  |w 2021-09-24  |y BK 
999 |c 1794  |d 1794